What Am I? #3 - Statistics

General Stats
  • This quiz has been taken 146 times
    61 since last reset
  • The average score is 10 of 10
Answer Stats
Hint What Am I? % Correct
I am an animal. I live in the jungle. I like bananas Monkey
100%
I have wings. I can carry many people. I am flown by a pilot Airplane
98%
I have 4 legs. I can’t walk. You can sit on me Chair
98%
I am cold. I am delicious and sweet. I come in a bowl or cone Ice Cream
98%
I come in a box. I have many pieces. Put me together to make a picture Puzzle/jigsaw
98%
I am beautiful. I am colorful. I appear after rainfall Rainbow
98%
I am hot. I am bright. I disappear at night Sun
98%
I am a fruit. I am yellow and I taste sour Lemon
96%
I am tall. I have many rocks on me. People climb me sometimes Mountain
96%
I have wheels. I run on tracks. You need a ticket to ride me Train
96%
No matching quizzes found
Score Distribution
Percent of People with Each Score
Percentile by Number Answered
Your Score History
You have not taken this quiz since the last reset